25 Plus grandes villes de l'ex Yougoslavie (avec une carte) - Statistiques

Statistiques générales
  • Ce quiz a été pris 67 fois
  • Le résultat moyen est 11 sur 25
Réponses sur la Carte
Les réponses sont colorées sur une échelle allant du rouge au vert en fonction du pourcentage des utilisateurs qui les ont devinées à leur premier essai. Vous pouvez retrouver ces pourcentages ci-dessous.
 
Statistiques - réponses
Pays Ville Population % Correct
Croatie Zagreb 660k
98%
Serbie Belgrade 1,2 million
95%
Bosnie Sarajevo 350k
95%
Macedoine Skopje 420k
88%
Slovenie Ljubljana 290k
87%
Croatie Split 150k
83%
Kosovo Pristina 140k
82%
Montenegro Podgorica 170k
72%
Slovenie Maribor 100k
57%
Serbie Novi Sad 260k
50%
Serbie Niš 180k
47%
Croatie Rijeka 110k
43%
Bosnia Banja Luka 135k
42%
Croatie Zadar 65k
38%
Croatie Osijek 75k
25%
Kosovo Prizren 75k
20%
Serbie Novi Pazar 70k
18%
Serbie Subotica 90k
18%
Bosnie Zenica 70k
17%
Serbie Kragujevac 145k
15%
Macedoine Bitola 70k
13%
Serbie Pančevo 75k
13%
Macedoine Kumanovo 75k
12%
Bosnie Tuzla 75k
12%
Serbie Čačak 70k
7%
Aucun quiz correspondant
Distribution des résultats
% des personnes avec chaque résultat
Percentile par nombre de réponses
Votre historique - résultats
Vous n’avez pas pris ce quiz